000 00604nam a22002417a 4500
001 BR6000969
003 BR-BrBNA
005 20230928083044.0
007 ta
008 230509b bl.||||| |||| 00| 0 por d
040 _aBR-BrBNA
_bpor
_cBiblioteca Nacional de Agricultura
041 _a(Por)
072 _aE10
090 _ E10 BR6000969
100 1 _aMacedo, M.
245 1 _aFormulario de contabilidade agricola
260 3 _aSao Paulo, SP (Brasil):
_c1939.
300 _a46 p.
650 _aMacroeconomia
650 _aContabilidade
909 _a202309
_bLucia
_c55
_dLucia Elande
942 _cBK
999 _c11321
_d11321